Italy Euro 2016 Squad - Statistics

General Stats
  • This quiz has been taken 965 times
  • The average score is 15 of 23
Answer Stats
Number Player Club Team % Correct
1 GK Gianluigi Buffon Juventus
100%
19 CB Leonardo Bonucci Juventus
96%
3 CB Giorgio Chiellini Juventus
95%
15 CB Andrea Barzagli Juventus
87%
12 GK Salvatore Sirigu Paris Saint-Germain
85%
4 RWB/LWB Matteo Darmian Manchester United
84%
9 ST Graziono Pelle Southampton
81%
16 CM Daniele De Rossi AS Roma
80%
5 CB Angelo Ogbonna West Ham United
76%
20 ST Lorenzo Insigne Napoli
71%
11 ST Ciro Immobile Torino
69%
7 ST Simone Zaza Juventus
61%
8 CM Alessandro Florenzi AS Roma
60%
17 ST Eder Internazionale
58%
13 GK Federico Marchetti Lazio
55%
2 LWB Mattia De Sciglio AC Milan
54%
18 CM Marco Parolo Lazio
50%
10 CM Thiago Motta Paris Saint-Germain
47%
23 CM/LWB Emanuele Giaccherini Bologna
43%
6 RWB Antonio Candreva Lazio
41%
22 RWB/LWB Stephen El Shaarawy AS Roma
33%
14 CM Stefano Sturaro Juventus
31%
21 LWB Federico Bernardeschi Fiorentina
24%
No matching quizzes found
Score Distribution
Percent of People with Each Score
Percentile by Number Answered
Your Score History
You have not taken this quiz